Itzam na novela

Uloženo v:
Podrobná bibliografie
Hlavní autor: Arias, Arturo 1950-
Médium: Neznámo
Jazyk:Spanish
Vydáno: La Habana, Cuba Casa de las Américas 1981
Témata:
Tagy: Přidat tag
Žádné tagy, Buďte první, kdo vytvoří štítek k tomuto záznamu!

MARC

LEADER 000000000a22000000004500
001 000156
007 ta
008 140424s1981 cr |||g |||| 000 f spa d
041 0 |a español 
082 |a G863.4 A696i 
100 1 |a Arias, Arturo  |d 1950- 
245 1 0 |a Itzam na  |b novela  |c Arturo Arias 
260 |a La Habana, Cuba  |b Casa de las Américas   |c 1981 
300 |a 297 páginas 
500 |a número de inscripción 00011, 8383 (Colección George Yúdice) 
650 4 |a LITERATURA GUATEMALTECA  |x NOVELA 
942 |2 ddc  |c BK 
999 |c 990  |d 990